000 00654nam a2200253Ia 4500
003 OSt
005 20221005030956.0
006 a|||||r|||| 00| 0
007 ta
008 221004b |||||||| |||| 00| 0 eng d
020 _a0745616720
024 _a34124
037 _cTextual
040 _aCRL
_cCRL
_beng
041 _2eng
_aeng
082 _aR3xM48:g, Po1
100 _aNoonan Harold W
_916921
245 0 _aFrege
_b A critical introduction
260 _aCambridge
_bPolity
_c2001
300 _a244p.
_ccm.
650 _aPHILOSOPHY
942 _hR3xM48:g, Po1
_cTEXL
_2cc
999 _c937056
_d937056